Complete geography for Cambridge IGCSE / (Record no. 5753)

MARC details
000 -LEADER
fixed length control field 01015nam a22002297a 4500
001 - CONTROL NUMBER
control field 5753
003 - CONTROL NUMBER IDENTIFIER
control field FISKH
005 - DATE AND TIME OF LATEST TRANSACTION
control field 20250120154128.0
008 - FIXED-LENGTH DATA ELEMENTS--GENERAL INFORMATION
fixed length control field 250120b cb ||||| |||| 00| 0 eng d
020 ## - INTERNATIONAL STANDARD BOOK NUMBER
International Standard Book Number 9780199129317
040 ## - CATALOGING SOURCE
Original cataloging agency FISKH
Language of cataloging eng
Transcribing agency FISKH
Modifying agency FISKH
082 ## - DEWEY DECIMAL CLASSIFICATION NUMBER
Classification number 910.71
100 ## - MAIN ENTRY--PERSONAL NAME
Personal name Kelly, David
245 ## - TITLE STATEMENT
Title Complete geography for Cambridge IGCSE /
Statement of responsibility, etc. by David Kelly and Muriel Fretwell
260 ## - PUBLICATION, DISTRIBUTION, ETC.
Place of publication, distribution, etc. Oxford :
Name of publisher, distributor, etc. Oxford University Press ;
Date of publication, distribution, etc. 2012.
300 ## - PHYSICAL DESCRIPTION
Extent 365 pages :
Other physical details color illustrations ;
Dimensions 28 cm .
520 ## - SUMMARY, ETC.
Summary, etc. Written by examiners to exactly match the latest Cambridge syllabus for first examination in 2016, it is packed with relevant international case studies on subjects that will resonate with students. Physical geography is thoroughly covered, along with incredibly comprehensive support for Papers 2, 3 and 4, and digital content that adds flexibility.<br/>▾Members
650 ## - SUBJECT ADDED ENTRY--TOPICAL TERM
Topical term or geographic name entry element KS4
Form subdivision Non-fiction
700 ## - ADDED ENTRY--PERSONAL NAME
Personal name Fretwell, Muriel
Relator term author
942 ## - ADDED ENTRY ELEMENTS (KOHA)
Source of classification or shelving scheme Dewey Decimal Classification
Koha item type Books
Suppress in OPAC No
Holdings
Withdrawn status Lost status Source of classification or shelving scheme Damaged status Not for loan Collection Home library Current library Shelving location Date acquired Total Checkouts Full call number Barcode Date last seen Date last checked out Copy number Price effective from Koha item type
    Dewey Decimal Classification     Non-Fiction Footprints International School Library Network Toul Tom Poung Campus Footprints International School Library Network Toul Tom Poung Campus TTP Secondary Non-Fiction Bookshelves 01/20/2025 1 KEL 910.71 2025-0047 03/13/2025 03/13/2025 1 01/20/2025 Books
    Dewey Decimal Classification     Non-Fiction Footprints International School Library Network Toul Tom Poung Campus Footprints International School Library Network Toul Tom Poung Campus TTP Secondary Non-Fiction Bookshelves 01/20/2025   KEL 910.71 2025-0049 01/20/2025   2 01/20/2025 Books
    Dewey Decimal Classification     Non-Fiction Footprints International School Library Network Toul Tom Poung Campus Footprints International School Library Network Toul Tom Poung Campus TTP Secondary Non-Fiction Bookshelves 01/20/2025   KEL 910.71 2025-0789 03/18/2025   3 03/18/2025 Books